000 00567nam a22001695i 4500
001 157728
003 ES-MaACL
005 20230906210828.0
008 040818s1879 gw |||| | ger d
040 _aCAM
_bspa
_cCAM
100 1 _aLiebrecht, Felix.
_9128948
245 1 0 _aZur Volkskunde
_b: alte und neue aufsätze /
_cvon Felix Liebrecht.
260 _aHeilbronn :
_bVerlag von Gebr. Henninger,
_c1879 (
_eLeipzig :
_fDruck von Breitkopf & Härtel)
300 _aXVI, 522 p. ;
_c23 cm.
650 4 _aFolklore.
_912913
852 _aES-MaACL
_jG-2786
_z-- Enc. hol.
999 _c157728
_d157728